[Event "USA Championship 2021"]
[Site "Saint Louis"]
[Date "2021.10.11"]
[Round "5.5"]
[White "Lenderman, Aleksandr"]
[Black "Sevian, Samuel"]
[Result "1-0"]
[WhiteElo "2607"]
[BlackElo "2654"]
[Annotator "TA"]
[PlyCount "279"]
[EventDate "2021.10.06"]
[EventCountry "USA"]
[SourceTitle "playchess.com"]
[Source "ChessBase"]
[SourceQuality "1"]

{[%evp 12,279,3,0,0,0,4,0,12,18,0,0,20,25,28,39,33,31,35,9,61,59,58,58,64,82,69,82,97,93,68,92,101,100,92,45,86,89,83,84,118,114,123,127,132,122,150,160,157,157,175,156,155,149,164,162,172,164,188,180,195,165,240,236,237,235,235,225,235,225,206,176,203,179,181,165,181,191,194,174,177,0,165,165,183,179,179,165,168,148,196,200,189,174,193,0,204,202,203,210,297,297,290,261,248,210,210,217,356,344,322,0,351,278,363,381,375,381,376,376,370,217,217,217,224,217,250,210,210,0,224,217,217,210,210,210,210,0,210,210,210,210,210,210,210,210,210,210,210,210,210,194,210,210,210,210,210,210,210,210,210,0,210,0,210,137,210,137,202,180,210,210,210,0,229,210,210,210,210,210,294,181,439,181,746,748,566,693,618,602,522,391,351,327,271,210,210,210,210,210,189,189,189,193,202,194,308,456,441,454,448,287,723,693,10906,477,474,474,552,514,544,459,908,909,620,459,459,458,456,448,448,448,425,221,499,485,458,448,915,831,3533,2912,2193,2351,1142,1377,5747,4758,29971,29973,29973,29973,29971,29973,29973,29974,29976,29976,29977,29978,29978,29979,29980,29981,29981,29982,29982,29983,29983,29984]} 1. d4 Nf6 2. c4 e6 3. Nf3 d5 4. Nc3 Bb4 5. e3 O-O 6. Bd3 c5 {6...dxc4 is more fashionable.} 7. cxd5 exd5 {E53: Nimzo-Indian: Rubinstein: Main Line (4...0-0 5 Nf3 d5 6 Bd3 c5 7 0-0).} 8. dxc5 Nbd7 9. Bd2 Nxc5 {The position is equal.} 10. Be2 Ne6 11. Qb3 $5 {[%mdl 4] [#] Exploring less charted territory.} Ba5 $146 ({Predecessor:} 11... Be7 12. O-O Nc5 13. Qc2 Nce4 14. Nxe4 Nxe4 15. Rfd1 Qb6 16. Be1 Rd8 17. a4 Bg4 {½-½ (58) So,W (2772)-Nakamura,H (2736) Saint Louis 2021}) 12. O-O d4 13. exd4 Nxd4 14. Nxd4 Qxd4 15. Rad1 Qb4 ({Black should try} 15... Qe5 $11 16. Qb5 Qxb5 17. Nxb5 Bxd2 18. Rxd2 Be6) 16. Qxb4 $14 Bxb4 17. Bf3 Ba5 18. Bf4 Bxc3 19. bxc3 Bg4 20. Bxb7 {Black must now prevent f3.} Bxd1 21. Bxa8 (21. Rxd1 Rad8 $17) 21... Be2 {[#]} 22. Re1 Bc4 23. Bb7 Bxa2 24. Ra1 Re8 25. Be3 Re7 26. Bf3 Bd5 27. Be2 h6 28. Rxa7 Rxa7 29. Bxa7 $16 {[%mdl 4096] Endgame KBB-KBN} Bb7 30. Bd4 Nd7 31. Bb5 Nf8 32. Bc5 Ne6 33. Bd6 g6 34. f3 Kg7 35. Kf2 h5 36. h4 Bd5 (36... f6 {was worth a try.} 37. Ke3 Bc8) 37. c4 $18 Bb7 38. Ke3 Kf6 39. Bb4 Nd8 40. Bc3+ Ke7 41. Be1 Nc6 42. Bg3 Ke6 43. Bf2 Kf5 44. Ba4 Ke6 45. Be1 Kd6 46. Bb5 $2 ({White should play} 46. Kd2 $18) 46... Ke6 $2 (46... Ke7 $1 $11 {and Black stays safe.}) 47. Kd3 Kd6 48. Bg3+ Ke6 49. Kc3 f6 50. Ba4 Ne7 51. Bf2 Nc6 52. Be3 Ne7 53. Bf2 Nc6 $1 54. Bc2 Ne7 55. Kb4 g5 (55... Bc6 $142 56. Kc5 g5) 56. Kb5 Kd7 57. Kb6 Bc6 58. Kc5 Ke6 59. Be1 Kd7 (59... Ba8 $142 60. Bb1 Bc6) 60. Bg3 Bb7 61. Be1 Bc6 $1 62. hxg5 fxg5 63. Bd2 g4 64. fxg4 hxg4 {[#]} 65. g3 $1 Bf3 66. Bf4 (66. Ba4+ $142 Kc8 67. Bf4) 66... Ke6 67. Bh7 Be2 68. Be4 Bf3 69. Bd3 Nc6 70. Bc2 $2 (70. Bb1 $18) 70... Ne5 $2 (70... Ne7 $1 $11 {and Black is okay.}) 71. Kd4 Nc6+ 72. Kc3 Ne7 73. Bh7 Kf7 74. Bc2 Ke6 75. Bb3 Nc6 76. Ba4 Kf6 77. Bc2 Ke6 78. Be3 Ke5 79. Bh7 Ne7 80. Bd4+ Ke6 81. Bd3 Nc6 82. Bc5 Ne5 83. Bf1 Nc6 84. Be3 Ke5 85. Bd3 Ke6 86. Bc2 Ke5 $1 87. Bh7 Ne7 88. Kb4 Ke6 (88... Nf5 $16 89. Bf4+ Kf6) 89. Kb5 Be2 (89... Nf5 $16 90. Bf4 Be4 91. Bg8+ Kd7) 90. Bf4 Kf7 91. Bc2 Ke6 92. Kc5 $2 (92. Bc7 $18) 92... Nf5 $2 (92... Bf3 $11) 93. Be4 Ne7 94. Bb7 Bf3 95. Ba6 Be2 96. Kb6 Ng6 $2 (96... Kd7 97. Kc5 Bf3 98. Bb5+ Ke6) 97. Bc7 (97. Bc1 $142) 97... Ne5 $2 (97... Kd7 98. Bb8 Ne7) 98. Bc8+ Nd7+ 99. Kc6 Bf3+ 100. Kb5 Be2 101. Bf4 Ke7 {intending ...Bxc4+.} 102. Kc6 Nf6 103. c5 {Strongly threatening Bg5.} Bf3+ 104. Kb5 {aiming for Bg5.} Kd8 105. Bf5 Nd5 106. Bd6 {Threatens to win with c6.} Be2+ 107. Ka5 {Hoping for c6.} Ne3 108. Be4 Nc4+ (108... Bf3 {is a better defense.}) 109. Kb4 Bf3 110. Bd3 ({Not} 110. Kxc4 Bxe4 111. Kb5 Kd7 $14) ({Avoid the trap} 110. Bxf3 $2 gxf3 111. Kxc4 f2 $19) 110... Ne3 111. Kc3 Nd5+ $2 (111... Kd7 112. Kd4 Nd1 113. Bf5+ Kc6) 112. Kd4 Ne7 113. Ke5 (113. Bxe7+ $142 Kxe7 114. Bf5) 113... Nc6+ 114. Kf4 Nd4 115. Ke3 Ne6 116. Bf5 Ng5 (116... Kd7 $142 117. Bd3 Bd1 118. Bb5+ Kd8) 117. Kd4 Nf7 118. Bg6 Ng5 119. Ke5 Kd7 120. Bf5+ Kc6 {If only Black now had time for ...Nf7+....} 121. Kf4 Nh3+ 122. Ke3 Ng1 $2 (122... Ng5 123. Be7 Nh3) 123. Bd3 Bd5 124. Bc2 Nf3 (124... Bf3 $142 125. Ba4+ Kb7) 125. Ba4+ Kb7 126. Bd7 Nh2 127. Kf4 Bf3 128. Kg5 Bd5 129. Bxg4 Nxg4 130. Kxg4 {KB-KB. White mates.} Kc6 131. Kf5 Kd7 132. g4 Be6+ 133. Kg5 Kc6 134. Kh5 Kd7 135. g5 Bc4 136. Kh6 Bb3 137. g6 Bc4 138. Kg7 Bd3 139. Kf7 Bc4+ 140. Kf8 {Weighted Error Value: White=0.12/Black=0.18} 1-0

[Event "USA Championship 2021"]
[Site "Saint Louis"]
[Date "2021.10.11"]
[Round "5.6"]
[White "Xiong, Jeffery"]
[Black "Shankland, Sam"]
[Result "1-0"]
[WhiteElo "2700"]
[BlackElo "2714"]
[Annotator "TA"]
[PlyCount "75"]
[EventDate "2021.10.06"]
[EventCountry "USA"]
[SourceTitle "playchess.com"]
[Source "ChessBase"]
[SourceQuality "1"]

{[%evp 9,75,5,20,-12,13,3,26,0,8,12,45,52,52,40,56,43,41,38,41,31,70,62,70,0,56,66,68,73,101,97,120,120,131,112,120,107,162,156,178,171,186,101,148,150,174,145,173,150,201,210,188,165,154,168,216,218,204,212,215,207,264,233,484,486,497,477,487,479]} 1. Nf3 c5 2. c3 d5 3. d4 e6 4. Bf4 Bd6 5. e3 Nc6 6. Bg3 {D02: 1 d4 d5 2 Nf3 sidelines, including 2...Nf6 3 g3 and 2...Nf6 3 Bf4.} Nge7 {is recently more successful than 6...Nf6.} 7. Nbd2 cxd4 8. exd4 {White has an edge.} O-O 9. Bd3 Ng6 10. Qc2 f5 {[#]} 11. Bxd6 $146 ({Predecessor:} 11. O-O-O Nf4 12. Bxf4 Bxf4 13. Kb1 Bxd2 14. Qxd2 a6 15. h3 b5 16. Rhe1 Rb8 17. Ne5 Nxe5 18. Rxe5 {1-0 (31) De Prado Rodriguez,O (2237)-Mateus,D (1778) Famalicao 2015}) 11... Qxd6 12. O-O Bd7 13. Rfe1 Rae8 14. Bb5 Nb8 15. Bf1 Nc6 16. Bb5 Nb8 17. a4 a6 18. Bf1 Nc6 {[%cal Bb8c6,Bc6d8,Bd8f7][%mdl 32]} 19. b4 Nd8 20. b5 axb5 21. axb5 ({Don't do} 21. Bxb5 $6 Nf7 $11) 21... Nf7 22. c4 e5 (22... dxc4 $16 {was necessary.} 23. Nxc4 Qc7) 23. c5 $18 Qf6 {Threatening ...e4.} 24. dxe5 Nfxe5 25. Qa4 ({White should play} 25. Qb3 $18) 25... Nxf3+ 26. Nxf3 Re4 27. Qa7 Bc8 28. Red1 Nf4 (28... Ne5 $16) 29. Rac1 Re7 30. Qb8 g5 31. c6 bxc6 32. Rxc6 Bd7 33. Rxf6 {[%csl Gf6][%cal Rb8f8]} Rxb8 {[#]} 34. Nd4 $1 ({Much less strong is} 34. Nxg5 $6 Kg7 $16) 34... Re5 35. Rd6 Rb7 (35... Be8 36. g3 Ng6) 36. b6 {White is clearly winning.} Re7 37. g3 Ng6 38. Bg2 {Weighted Error Value: White=0.10/Black=0.24} 1-0

[Event "USA Championship 2021"]
[Site "Saint Louis"]
[Date "2021.10.12"]
[Round "6.1"]
[White "Shankland, Sam"]
[Black "Burke, John M"]
[Result "1-0"]
[WhiteElo "2714"]
[BlackElo "2554"]
[Annotator "TA"]
[PlyCount "123"]
[EventDate "2021.10.06"]
[EventCountry "USA"]
[SourceTitle "playchess.com"]
[Source "ChessBase"]
[SourceQuality "1"]

{[%evp 9,123,15,33,8,21,18,17,0,11,5,8,0,4,3,16,13,69,44,61,72,54,71,78,0,0,0,64,0,0,0,0,0,0,0,0,0,0,0,13,13,1,1,19,14,47,45,60,54,53,43,50,43,43,40,56,45,80,61,61,64,82,51,66,66,66,66,66,66,66,66,66,66,66,66,83,66,66,78,83,83,83,83,83,83,94,63,80,88,89,85,192,192,304,275,220,139,524,481,463,410,662,690,386,347,354,335,647,564,1681,1412,29982,29983,29975,29976,29988,29989]} 1. c4 Nf6 2. Nf3 c5 3. b3 Nc6 4. Bb2 d5 5. cxd5 Qxd5 6. Nc3 {[#] A30: Symmetrical English: Double Fianchetto and Hedgehog.} Qf5 $146 ({Predecessor:} 6... Qd7 7. g3 b6 8. Bg2 Bb7 9. O-O e5 10. d3 Bd6 11. Nb5 Bb8 12. Na3 O-O {0-1 (42) Fischer,G (2012)-Wagner,F (2207) Buechenbach/Roth 2011}) 7. e3 e5 8. Nb5 {Hoping for Nc7+.The position is equal.} Rb8 9. d3 a6 $1 {[%cal Ra6b5] [#]} 10. e4 $1 Qh5 $1 11. Na3 Bg4 12. Be2 b5 (12... Bd6 $11) 13. Nc2 $1 $14 Nd4 14. Nfxd4 exd4 15. b4 Rd8 16. h3 (16. Bxg4 $16 Qxg4 17. O-O) 16... Bxe2 $11 17. Qxe2 Qxe2+ 18. Kxe2 Nxe4 $1 19. a4 Nc3+ 20. Bxc3 dxc3 21. bxc5 Bxc5 {And now ...b4 would win.} 22. axb5 axb5 23. Rhb1 O-O {...b4! is the strong threat.} 24. Rxb5 Rfe8+ 25. Kf1 Be7 (25... Bf8 {with more complications.} 26. d4 g6 27. Rb7 Bg7 28. Ra4 Bh6) 26. d4 Kf8 27. Ra7 Ra8 28. Rxa8 Rxa8 $14 {[%mdl 4096] Endgame KRB-KRN} 29. Ke2 Ba3 30. Kd3 Bb2 31. Re5 Rd8 32. Ra5 Rd7 33. Ra4 g6 34. Ne3 Ke7 35. Rc4 Kf6 36. Nd1 Ra7 37. Nxc3 Ra3 38. Kd2 Bxc3+ 39. Rxc3 {KR-KR} Ra2+ 40. Ke3 h5 41. h4 Rb2 42. g3 Ra2 43. Rd3 Ke6 44. Rd2 Ra3+ 45. Ke4 Ra1 46. Kf4 Kf6 47. f3 Rb1 48. Re2 Rd1 49. Re4 Ra1 {[#]} (49... Rd3 $16 {was called for.}) 50. g4 $1 $18 hxg4 (50... Ra5 $142 51. Re5 Ra4) 51. fxg4 ({And not} 51. Kxg4 Rd1 $11) 51... Rf1+ 52. Ke3 {Black must now prevent Rf4+.} Re1+ $2 {[%mdl 8192] [#] This move loses the game for Black.} (52... Rd1 $16 53. Ke2 Rc1) 53. Kd3 $1 Ra1 54. Kc4 Kg7 (54... g5 $142 55. h5 Rc1+ 56. Kd3 Kg7) 55. g5 f5 56. Re7+ Kf8 57. Re6 Ra4+ $2 (57... Rc1+ 58. Kb5 Rb1+ 59. Kc5 Rc1+ 60. Kb5 Rb1+ 61. Kc6 Rc1+ 62. Kd6 Kg7 63. Re7+ Kg8) 58. Kc5 Kg7 59. d5 Rxh4 60. d6 {White mates.} Kf7 {[#]} 61. d7 $1 {[%mdl 512]} Rh8 (61... Rh1 62. d8=Q) 62. Kd6 {Weighted Error Value: White=0.05/Black=0.49} 1-0

[Event "USA Championship 2021"]
[Site "Saint Louis"]
[Date "2021.10.12"]
[Round "6.2"]
[White "Sevian, Samuel"]
[Black "Caruana, Fabiano"]
[Result "1-0"]
[WhiteElo "2654"]
[BlackElo "2800"]
[Annotator "TA"]
[PlyCount "83"]
[EventDate "2021.10.06"]
[EventCountry "USA"]
[SourceTitle "playchess.com"]
[Source "ChessBase"]
[SourceQuality "1"]

{[%evp 18,83,19,25,25,21,27,0,42,50,62,32,42,28,58,21,15,12,161,155,150,164,162,153,156,152,164,166,182,171,177,183,212,208,206,213,209,187,179,205,346,341,318,332,307,312,400,402,347,112,122,119,116,111,375,342,440,467,463,450,427,389,613,587,1425,1412,2131,1760]} 1. e4 e5 2. Nf3 Nc6 3. Nc3 Nf6 4. d4 exd4 5. Nxd4 Bb4 6. Nxc6 bxc6 7. Bd3 O-O 8. O-O d6 9. Bg5 h6 10. Bh4 g5 {C47: Scotch Four Knights and Four Knights with 4 g3.} 11. Bg3 Qe7 {[#]} 12. Na4 $146 ({Predecessor:} 12. Re1 Bg4 13. Qd2 Nd7 14. f4 Nc5 15. a3 Nxd3 16. cxd3 Bc5+ 17. d4 Bb6 18. Kh1 {1-0 (30) Jones,C (2072)-Dickson,G (2071) England 2013}) 12... Ba5 {The position is equal.} 13. c3 Bb6 (13... Nxe4 $2 14. Re1 $18) 14. Nxb6 axb6 15. Qe2 Bg4 16. Qe3 Nh5 17. f4 d5 (17... Bd7 $11 {and Black has nothing to worry.}) 18. fxg5 $18 Nxg3 19. Qxg3 Qxg5 20. h4 $1 {[%cal Rh4g5]} Qg7 21. Qxc7 d4 22. c4 (22. Qxb6 $6 dxc3 23. bxc3 Qxc3 $14) 22... Rfc8 23. Qd6 (23. Qxb6 $6 Rab8 $14) 23... c5 24. Rf6 (24. Qxb6 $6 Rab8 $16) 24... Bh3 {[%csl Gh3][%cal Rg7g2]} 25. Rf2 Kh8 26. Qxb6 Rg8 {[%cal Rh3g2]} 27. e5 (27. Qxc5 $2 Bxg2 28. Qd6 Rxa2 $3 $19 {[%mdl 512]}) 27... Rae8 28. Re1 (28. Qxc5 Bxg2 29. Bg6 Qxg6 30. Qd6 Re6 31. Qd8 Ba8+ 32. Qg5 hxg5 33. h5 Qe4 34. Rh2 Rxe5 35. c5 Qe3+ 36. Rf2 Qg3+ 37. Kf1 Qh3+ 38. Kg1 Qh1#) 28... f5 (28... Re6 $142 29. Qb7 (29. Qxc5 $2 Bxg2 30. Qf8 Qxf8 $19) 29... Ree8) 29. Bf1 (29. Qxc5 Bxg2 30. Bf1 Bh3+ 31. Bg2 Bxg2 32. Ree2 Bf3+ 33. Rg2 Bxg2 34. Qxd4 Bh3+ 35. Kh1 Bg4 36. Rg2 Bf3 37. Qf2 Qxg2+ 38. Qxg2 Rxg2 39. b4 Rxe5 40. c5 Re1#) 29... f4 30. Qxc5 f3 {[%cal Rf3g2]} 31. e6 ({Don't go for} 31. Rxf3 $2 Bxg2 32. Qc7 Qxc7 $19) ({Much less strong is} 31. Qxd4 $6 Ref8 $18) 31... fxg2 32. Bd3 {aiming for e7.} Bxe6 {[#]} 33. Qe5 $2 (33. Rfe2 $1 $18 {[%cal Re2e6] and the rest is easy.} Ref8 34. Rxe6 Rf1+ {[%mdl 64] Decoy} 35. Rxf1 gxf1=Q+ 36. Kxf1 Qg1+ 37. Ke2 Qg4+ 38. Kd2 Qxe6 39. Qxd4+ Rg7 40. a4) 33... Qxe5 $16 34. Rxe5 {Black must now prevent Rfe2.} Bh3 {[#]} 35. Re4 Rxe4 $4 {[%mdl 8192]} (35... Rgf8 $16 {was necessary.}) 36. Bxe4 {[%mdl 4096] Endgame KRB-KRB} d3 37. Bxd3 Re8 {( -> ...Re1+)} 38. Be2 Kg7 39. a4 {[%cal Ba2a4,Ba4a5][%mdl 32]} Re3 (39... Rb8 $142 40. Bf3 Rb4 41. Bxg2 Bxg2) 40. a5 $18 {White is clearly winning.} Re5 41. b4 Re3 {[#]} 42. Rf3 $1 {Weighted Error Value: White=0.15/Black=0.41} 1-0

[Event "USA Championship 2021"]
[Site "Saint Louis"]
[Date "2021.10.12"]
[Round "6.3"]
[White "So, Wesley"]
[Black "Dominguez Perez, Leinier"]
[Result "1/2-1/2"]
[WhiteElo "2778"]
[BlackElo "2760"]
[Annotator "TA"]
[PlyCount "73"]
[EventDate "2021.10.06"]
[EventCountry "USA"]
[SourceTitle "playchess.com"]
[Source "ChessBase"]
[SourceQuality "1"]

{[%evp 18,73,39,21,47,34,36,27,37,4,8,12,12,14,11,12,12,9,9,7,9,10,14,10,10,4,4,4,4,4,4,4,4,4,4,4,4,5,5,4,6,4,4,4,4,0,0,0,0,0,0,0,0,0,0,0,0,0]} 1. d4 d5 2. c4 dxc4 3. Nf3 Nf6 4. e3 e6 5. Bxc4 a6 6. O-O c5 7. dxc5 Bxc5 8. Qxd8+ Kxd8 9. Be2 Ke7 10. Nbd2 (10. Nc3 b5 11. Nd2 Bb7 12. Nb3 Nbd7 13. Na5 Rab8 14. Bd2 Ne4 15. Nxe4 Bxe4 16. Rfc1 Rhc8 17. a4 bxa4 18. Bxa6 {½-½ (35) So,W (2772)-Dominguez Perez,L (2758) Saint Louis 2021}) 10... b6 {[#] D27: Queen's Gambit Accepted: Classical main line: 7 e4!? and 7 a4.} 11. Nc4 $146 ({Predecessor:} 11. Ne5 Bb7 12. Nd3 Nbd7 13. Nxc5 Nxc5 14. b3 a5 15. Ba3 Nfd7 16. Nc4 Ba6 17. Nxb6 Bxe2 18. Rfe1 Bb5 19. Nxa8 Rxa8 20. Rac1 Rc8 21. Rc3 f6 22. Rec1 Kd6 23. Rd1+ Ke7 24. e4 Ke8 25. Rdc1 {1-0 (25) Nakamura,H (2745)-So,W (2767) Chess.com INT 2020}) 11... Nc6 12. Bd2 b5 {White has an edge.} 13. Nce5 Nxe5 {The position is equal.} 14. Nxe5 {[#] aiming for Rac1.} Bb7 15. Rfc1 Bd6 16. Nc6+ Bxc6 17. Rxc6 Rhc8 18. Rac1 Rxc6 19. Rxc6 Kd7 20. Rc2 Nd5 21. Bf3 Rc8 22. Rxc8 Kxc8 23. Bxd5 exd5 $11 {[%mdl 4096] Endgame KB-KB} 24. Bc3 g6 25. Kf1 Kd7 ({But not} 25... Bxh2 $6 26. g3 $16) 26. Ke2 Ke6 ({Much worse is} 26... Bxh2 $6 27. g3 $16) 27. h3 h5 28. Kd3 Bc5 29. f3 f5 30. b3 Be7 31. a4 Bc5 32. axb5 axb5 33. Bd4 Be7 34. Bc3 Bc5 35. Bd4 Be7 36. Bg7 Bc5 37. Bd4 {Weighted Error Value: White=0.04/Black=0.01} 1/2-1/2

[Event "USA Championship 2021"]
[Site "Saint Louis"]
[Date "2021.10.12"]
[Round "6.4"]
[White "Robson, Ray"]
[Black "Lenderman, Aleksandr"]
[Result "1/2-1/2"]
[WhiteElo "2669"]
[BlackElo "2607"]
[Annotator "TA"]
[PlyCount "91"]
[EventDate "2021.10.06"]
[EventCountry "USA"]
[SourceTitle "playchess.com"]
[Source "ChessBase"]
[SourceQuality "1"]

{[%evp 9,91,15,15,13,20,0,7,9,27,8,25,22,25,24,19,0,17,13,4,0,1,0,23,0,0,0,0,0,0,0,14,4,4,9,13,0,0,0,0,0,0,-5,-5,-9,-5,-8,0,0,-4,-19,-27,-48,-37,-45,-10,-50,-11,-48,-50,-73,-74,-67,-44,-36,-10,-10,-13,-8,-10,-16,-27,-32,0,0,0,0,0,0,0,0,0,0,0,0]} 1. e4 c5 2. Nf3 Nc6 3. Bb5 g6 4. Bxc6 bxc6 5. d4 cxd4 6. Qxd4 {B31: Sicilian: 2...Nc6 3 Bb5 g6.} f6 $1 {6...f6 is better than 6...Nf6.} 7. Qa4 {[#]} Qb6 $146 ({Predecessor:} 7... Bg7 8. O-O Nh6 9. c4 Qb6 10. Nc3 O-O 11. Re1 Nf7 12. Be3 Qb7 13. Qb3 Qxb3 14. axb3 {½-½ (31) Vachier Lagrave,M (2774)-Radjabov,T (2758) Khanty Mansiysk 2019}) 8. c4 Qa6 9. Qc2 d5 10. cxd5 cxd5 11. exd5 Bf5 12. Qe2 Bd3 13. Qe6 Qxe6+ 14. dxe6 Nh6 $1 15. Nc3 Nf5 16. Nd5 O-O-O 17. Nb4 Bc4 18. g4 Ng7 19. Be3 {[#] And now Rc1 would win.} Kb7 20. Rc1 Rc8 21. Nd4 {aiming for Nbc6!} Bxe6 {Threatens to win with ...Rxc1+.} 22. O-O Bxg4 23. Nb3 {Strongly threatening Na5+.} e5 24. Na5+ Ka8 25. Rxc8+ Bxc8 26. Nd5 Bd6 27. Nxf6 Nf5 28. Rd1 Be6 29. a3 Rc8 30. b4 Nxe3 31. fxe3 Be7 32. Nd5 Bd8 (32... Bh4 $5 {[%cal Re6g4]} 33. Nb3 Rc2 $15) 33. Nb3 Bb6 34. Kf2 Rc2+ 35. Kf3 Rxh2 {White must now prevent ...Bxd5+.} (35... Bd4 $5 36. Nxd4 Bxd5+ 37. e4 Rc3+ 38. Kf2 Bxe4 $17) 36. Nc5 Bf5 {next ...Bxc5 is good for Black.} (36... Bxc5 $5 37. bxc5 Kb7 $15) 37. e4 Bc8 38. Ne7 Kb8 39. Nc6+ Kc7 40. Nxe5 Bxc5 41. Rc1 {[%mdl 64] [#] Pin. The position is equal.} Rh3+ 42. Kf4 Rh4+ 43. Kf3 Rh3+ 44. Kf4 Rh4+ 45. Kf3 Rh3+ 46. Kf4 {Weighted Error Value: White=0.05/Black=0.04} 1/2-1/2

[Event "USA Championship 2021"]
[Site "Saint Louis"]
[Date "2021.10.12"]
[Round "6.5"]
[White "Naroditsky, Daniel"]
[Black "Bruzon Batista, Lazaro"]
[Result "1/2-1/2"]
[WhiteElo "2623"]
[BlackElo "2645"]
[Annotator "TA"]
[PlyCount "79"]
[EventDate "2021.10.06"]
[EventCountry "USA"]
[SourceTitle "playchess.com"]
[Source "ChessBase"]
[SourceQuality "1"]

{[%evp 10,79,-2,-12,-12,-14,-16,-7,-22,-18,-22,-9,0,0,10,16,7,14,47,0,0,-6,-15,-34,-27,-34,-6,-15,-10,-13,-19,-18,-4,-8,-11,-3,-4,-20,-21,-21,-12,-10,-4,-4,-3,-15,-12,-14,-9,-11,-8,-23,-18,-24,0,0,0,-14,0,-3,0,0,0,-5,0,0,0,-2,0,0,0,0]} 1. e4 e5 2. Nf3 Nc6 3. c3 Nf6 4. d4 exd4 5. e5 Nd5 6. Bc4 Nb6 {C44: Ponziani Opening and Scotch Gambit.} 7. Bb3 d5 8. exd6 Bxd6 9. O-O O-O 10. Bg5 {[#]} Qe8 $146 ({Predecessor:} 10... Be7 11. Bxe7 Qxe7 12. Nxd4 Rd8 13. Nxc6 bxc6 14. Qc1 c5 15. Re1 Qh4 16. Qe3 Bb7 {0-1 (81) Lukasiewicz,A (2017)-Zeberski,J (2305) Poland 2017}) 11. Nxd4 Qe5 {[%csl Gd6][%cal Re5h2] [#]} 12. Nf3 Qa5 13. Nbd2 h6 14. Bh4 Bf5 15. Bc2 Rfe8 16. b4 Bxc2 17. Qxc2 Qh5 18. Bg3 Bxg3 19. hxg3 Rad8 20. Rfe1 Nd7 21. Nc4 Nf6 22. Rxe8+ Rxe8 23. Re1 Rxe1+ 24. Nxe1 a5 25. a3 axb4 26. axb4 Ne5 (26... Ne7 {feels hotter.} 27. Nf3 Qd5 28. Ne3 Qd6 29. b5 Ned5) 27. Nxe5 (27. Ne3 {is more complex.} Neg4 28. Nf1 Qd5 29. Nd3 Ne5 30. Nxe5 Qxe5 31. Qd2) 27... Qxe5 28. Nf3 Qe6 29. Qd3 c6 30. Qd8+ Kh7 31. Qd3+ Kg8 32. Qd8+ {The position is equal.} Kh7 33. Qd3+ g6 34. c4 Qe7 35. Qd4 Kg7 36. Qc3 Qe2 37. Qd4 Qe7 38. Qc3 Qe2 39. Qd4 Qe7 40. Qc3 {Weighted Error Value: White=0.05/Black=0.05} 1/2-1/2

[Event "USA Championship 2021"]
[Site "Saint Louis"]
[Date "2021.10.12"]
[Round "6.6"]
[White "Xiong, Jeffery"]
[Black "Swiercz, Dariusz"]
[Result "1/2-1/2"]
[WhiteElo "2700"]
[BlackElo "2647"]
[Annotator "TA"]
[PlyCount "120"]
[EventDate "2021.10.06"]
[EventCountry "USA"]
[SourceTitle "playchess.com"]
[Source "ChessBase"]
[SourceQuality "1"]

{[%evp 9,120,17,12,10,58,52,57,27,32,29,40,37,30,34,65,58,60,61,62,98,93,95,74,92,93,113,105,108,107,90,95,96,97,97,82,93,79,90,86,95,92,93,86,93,96,78,98,84,199,208,239,239,239,239,239,239,1025,284,284,284,284,284,295,253,306,279,306,254,254,248,306,306,309,317,331,239,237,237,290,290,290,239,254,247,254,0,0,0,0,0,0,0,0,0,0,0,0,0,0,0,0,0,0,0,0,0,0,0,0,0,0,0,0]} 1. e4 c5 2. Nc3 a6 3. g3 b5 4. Bg2 Bb7 5. Nh3 e6 6. O-O {B23: Closed Sicilian: Lines without g3.} b4 7. Na4 Nf6 8. d3 {White is slightly better.} d6 9. c3 bxc3 10. bxc3 {[%cal Bb2c3,Bc3d4,Bd4d5,Bd5d6][%mdl 32]} Nbd7 {[#]} 11. Re1 $146 ({Predecessor:} 11. Nb2 Be7 12. f4 Qc7 13. Nf2 h6 14. Be3 Rb8 15. Qd2 d5 16. e5 d4 17. cxd4 Bxg2 18. Kxg2 {1-0 (55) Li,R (2577)-Cordova,E (2655) Saint Louis 2017}) 11... Bc6 12. d4 cxd4 13. cxd4 d5 14. exd5 Bxd5 15. Nf4 Bxg2 16. Kxg2 Qa5 17. d5 $1 {[%cal Rd5e6]} e5 18. d6 $1 Qb4 19. Bb2 Bxd6 20. Rb1 $1 Qb7+ 21. Kg1 $1 Qc7 22. Nd5 Nxd5 23. Qxd5 Rd8 24. Bc3 $1 Nf6 25. Bxe5 O-O 26. Bxf6 gxf6 27. Rbc1 $36 {[%mdl 2048] White is in control.} Qd7 28. Rc6 Rfe8 (28... Bb4 $16 29. Qxd7 Rxd7) 29. Rd1 $18 {Black must now prevent Nc5.} Qg4 {...Bxg3 is the strong threat.} 30. Rxd6 (30. Rxa6 $2 Bxg3 $1 {[%mdl 512]} 31. Re6 fxe6 $19) 30... Rxd6 31. Qxd6 {[%mdl 64] Double Attack} Qxa4 {[%mdl 4096] Endgame KQR-KQR} 32. Rd4 Re1+ 33. Kg2 Re6 34. Qb8+ ({Less strong is} 34. Rxa4 Rxd6 35. g4 Kg7 $14) 34... Re8 {And now ...Qc6+ would win.} 35. Rxa4 Rxb8 36. Rxa6 {KR-KR} Rb2 37. a4 {[%cal Ba2a4,Ba4a5,Ba5a6][%mdl 32]} (37. Rxf6 Rxa2 38. g4 Kg7 $18) 37... Ra2 38. Kf3 ({Not} 38. Rxf6 Rxa4 39. h4 Kf8 $16) 38... Kg7 39. a5 h5 40. Ra8 Kg6 41. a6 f5 42. Ra7 Ra3+ 43. Ke2 f4 {[#]} 44. Ra8 $1 ({Weaker is} 44. gxf4 f6 $16) 44... fxg3 45. hxg3 Kg7 46. Kd2 Rf3 {[#]} 47. Rc8 $2 (47. Ke1 $1 $18) 47... Rxf2+ $11 {The position is equal.} 48. Kc3 (48. Ke3 {seems wilder.} Ra2 49. Ra8 Ra3+ 50. Kf2 Ra2+ 51. Kf3) 48... Ra2 49. Rc6 {aiming for Kb4.} f5 50. Kb4 f4 51. gxf4 (51. Kb3 {is interesting.} Ra1 52. Kb2 Ra5 53. gxf4 h4 54. f5) 51... h4 52. Kb5 (52. f5 {is more complex.} h3 53. Rc7+ Kf6 54. Rh7 h2 55. a7) 52... h3 53. Rc3 h2 54. Rh3 Rb2+ 55. Kc6 Ra2 56. Rxh2 Rxh2 57. a7 Ra2 58. Kb7 Kf6 59. f5 Rxa7+ 60. Kxa7 Kxf5 {Black defended with fortune.  Weighted Error Value: White=0.11/Black=0.09} 1/2-1/2